ბათუმის შოთა რუსთაველის სახელმწიფო უნივერსიტეტის ბიბლიოთეკა

Basic Radiology (ბიბ.ჩანაწერი № 45137)

000 -LEADER
fixed length control field 00546nam a2200229Ia 4500
001 - CONTROL NUMBER
control field 11960
003 - CONTROL NUMBER IDENTIFIER
control field GE_BSU
008 - FIXED-LENGTH DATA ELEMENTS--GENERAL INFORMATION
fixed length control field 181216s||||||||xx |||||||||||||| ||und||
020 ## - INTERNATIONAL STANDARD BOOK NUMBER
International Standard Book Number 9780071627085
040 ## - CATALOGING SOURCE
Transcribing agency GE_BSU
080 ## - UNIVERSAL DECIMAL CLASSIFICATION NUMBER
Universal Decimal Classification number 615.84
100 ## - MAIN ENTRY--PERSONAL NAME
Personal name Chen, Michael Y. M.,Pope, Thomas Lee,Ott, David J.
245 ## - TITLE STATEMENT
Title Basic Radiology
245 #2 - TITLE STATEMENT
Remainder of title A Lange Medical Book
260 ## - PUBLICATION, DISTRIBUTION, ETC.
Place of publication, distribution, etc. United States
260 ## - PUBLICATION, DISTRIBUTION, ETC.
Name of publisher, distributor, etc. McGraw-Hill Medical
260 ## - PUBLICATION, DISTRIBUTION, ETC.
Date of publication, distribution, etc. 2011
300 ## - PHYSICAL DESCRIPTION
Extent 396p.23cm.
653 ## - INDEX TERM--UNCONTROLLED
Uncontrolled term Basic Radiology
942 ## - ADDED ENTRY ELEMENTS (KOHA)
Koha item type წიგნი
ეგზემპლარები
Withdrawn status Lost status Damaged status Not for loan Date acquired Barcode Date last seen Price effective from Koha item type
        2018-12-17 35939 2018-12-17 2018-12-17 წიგნი